000 00348 a2200157 4500
001 151856
040 _cEscola São Tomás de Aquino
100 _aJOSÉ, Elias
240 1 0 _aCantigas de adolescer
_lpor
245 1 0 _aCantigas de adolescer
300 _a60
362 0 _a1992
440 1 _aAtual
697 _a*LITERATURA JUVENIL
942 _cBK
999 _c151856
_d151856